Responses for Show #3787 - Tuesday, February 6, 2001

2001 Celebrity Jeopardy! game 2.
From the Las Vegas Hilton.

(John Lauderdale: This used to be Elvis Presley's dressing room here at the Hilton; now it belongs to Alex Trebek. Alex, 30 seconds!)
(Alex: [Dressed in an Elvis outfit] Thank you, John, thank you! Yeah!)

Contestants

[<< previous game]

Charles Barkley, a former pro basketball player from Turner Network Television

Martha Stewart, a TV personality from Martha Stewart Living

Jeff Probst, a TV personality from Rock & Roll Jeopardy! and Survivor

[next game >>]

Jeopardy! Round responses

AIRPLANE READING
ZOO-OLOGY
(Alex: A whole category about zoos.)
TREASURE ISLAND
FAMOUS PAIRS
ROCK & ROLL JEOPARDY!
"X" CALIBER
    $100 13
a paper airplane

Jeff
    $100 22
reindeer

Martha
    $100 11
Cuba

Jeff
    $100 1
curds & whey

Martha
    $100 6
Led Zeppelin

Jeff
    $100 23
Xerox

Jeff
    $200 14
Air Force One

Triple Stumper
    $200 21
(Martha: Uh, what is [*] Zoo?)

London

Martha
    $200 12
Martha's Vineyard

Martha
    $200 3
Batman & Robin

Martha
    $200 7
Elton John

Jeff
    $200 24
[The end-of-round signal sounds.]

an X-ray

Jeff
    $300 15
Charles Lindbergh

Martha
    $300 20
Omaha

Triple Stumper
    $300 2
Laurel & Hardy

Jeff
    $300 8
(Jeff: Who are the... man... um...)
[The time expiry signal sounds.]
(Alex: Charles, you knew that; don't be shy, ring in!)
(Charles: Unless I know, I ain't touching nothing, Alex!)

the Go-Go's

Jeff
Triple Stumper
    $400 16
(Martha: Oh, sorry!)

the Red Baron

Martha
Triple Stumper
    $400 19
(Martha: Uh, what is [*] and crumpets?)
(Alex: That's it, yes. Afternoon [*].)

tea

Martha
    $400 4
Cain & Abel

Martha
    $400 9
Survivor

Jeff
    $500 17
the Andes

Martha
    $500 18
(Martha: What is Ohio?)
...
(Alex: We have about a minute left.)

Illinois

Martha
Triple Stumper
    $500 5
Rodgers & Hammerstein

Jeff
    $600 10
(Jeff: Is that--who is Earth, Wind & Fire?)

Sly and the Family Stone

Jeff

Scores at the first commercial break (after clue 12):

Jeff Martha Charles
$700 $900 $0

Scores at the end of the Jeopardy! Round:

Jeff Martha Charles
$1,100 $1,500 $0

Double Jeopardy! Round responses

AMERICAN HISTORY
WHEN MGM WAS GRAND
THE RAT PACK
SCIENCE
HEY, SPORT!
"GOLD"EN NUGGETS
    $200 19
(Alex: [Before reading the clue] All right, with a minute to go...)
...
(Charles: Big [*]? What is Big [*]?)

Horn

Charles
    $200 12
Sammy Davis, Jr.

Jeff
    $200 11
oxygen

Jeff
    $200 1
Michael Jordan

Martha
    $400 20
Eisenhower

Martha
    $400 13
(Charles: Who is Angie Dickinson?)

Shirley MacLaine

Charles
Triple Stumper
    $400 5
Tiger Woods

Jeff
    $400 4
(Alex: You got it, and you're on the board. All right!)
[Cheering and applause]
(Alex: Charles, you always come through big in the third and fourth quarters, you know that.)

a Golden Globe

Charles
    $600 21
Texas

Martha
    $600 14
"That's Amore"

Jeff
    $600 10
a hemisphere

Jeff
    $600 6
Mark McGwire

Jeff
    $600 2
Barry Goldwater

Martha
    $2,000 22
(Martha: What is "Wild Bill"?)
[The end-of-round signal sounds.]

"Buffalo Bill"

Martha
    $800 15
Joey Bishop

Charles
    $800 18
parasite

Triple Stumper
    $800 7
the Atlanta Falcons

Charles
    $800 3
Jeff Goldblum

Jeff
    $1000 16
(Martha: Who is Charles Lawford?)
(Jeff: Who is Sinatra?)

Peter Lawford

JeffMartha
Triple Stumper
    $1000 17
Stephen Hawking

Triple Stumper
    $1000 8
(Martha: Uh, what is the marathon?)
(Alex: Which one?)

the Boston Marathon

Martha
    $1000 9
a goldfinch

Martha

Scores at the end of the Double Jeopardy! Round:

Jeff Martha Charles
$3,500 $2,300 $1,800

[wagering suggestions for these scores]

Final Jeopardy! Round responses

JFK
(Alex: The Kennedy years, of course, have often been referred to by this name.)
...
[Laughter at Charles's response]
CharlesWhat is Cats
$1,800
MarthaWhat was Camelot
$1,000
JeffWhat is Sound of Music (was it a play?
$1,200
Camelot

Final scores:

Jeff Martha Charles
$2,300 $3,300 $0
2nd place: $10,000 for Beagles and Buddies Winner: $15,000 for College of the Atlantic 3rd place: $10,000 for Cornerstone Schools of Alabama

Game dynamics:

Coryat scores:

Jeff Martha Charles
$4,100 $4,300 $1,800
16 R,
3 W
(including 1 DD)
15 R,
4 W
(including 1 DD)
4 R,
1 W

Combined Coryat: $10,200

[game clues] [game scores] [suggest correction]

Game tape date: 2001-01-23
The J! Archive is created by fans, for fans. Scraping, republication, monetization, and malicious use prohibited; this site may use cookies and collect identifying information. See terms. The Jeopardy! game show and all elements thereof, including but not limited to copyright and trademark thereto, are the property of Jeopardy Productions, Inc. and are protected under law. This website is not affiliated with, sponsored by, or operated by Jeopardy Productions, Inc. Join the discussion at JBoard.tv.